000 00857nas a2200253Ia 4500
001 A10/R172-31802
003 IT-MiCISF
005 20240329113511.0
008 161014c99999999xx |||||||||||| ||und||
040 _aIT-MiCISF
_cIT-MiCISF
041 _aITALIANO
100 _aLopez Trujillo Alfonso
_960593
210 _aVita pastorale
245 0 _aIl Giubileo della famiglia
250 _a"Vita pastorale", n. 10, ottobre
260 _c2000
300 _app. 101-139
500 _apastorale-familiare, spiritualità-familiare, chiesa-locale
650 _aPastorale-familiare
654 _adossier
700 _aLora M., Dianin G., Di Nicola G.P., Danese A., Todaro F., Belletti F., Anfossi G., Zattoni M., Gillini G., Nervo G.,
_aGiachetti P., Fouad Allam K., Salachas D., Mocellin G., Beffa C.
_960594
942 _cCR
_2ddc
999 _c227227
_d227227
999 _bSi